Statistics for Australia Cities Map Quiz

Click here to take the quiz!

General Stats

  • This quiz has been taken 74,851 times
  • The average score is 9 of 16

Answers on the Map

Answers color-coded by a green-red scale on the quiz's map according to % correct below.
Loading ...
 

Answer Stats

Answer% Correct
Sydney
87%
Perth
82%
Melbourne
76%
Hobart
75%
Canberra
72%
Darwin
72%
Brisbane
68%
Alice Springs
67%
Adelaide
66%
Cairns
55%
Kalgoorlie
39%
Mount Isa
38%
Broome
37%
Rockhampton
33%
Mildura
32%
Exmouth
28%

Score Distribution

Percentile by Number Answered

Percent of People with Each Score

Your Score History

You have not taken this quiz